Pokemon de A-Z Gen 7 - Statistiques

Statistiques générales
  • Ce quiz a été pris 27 fois
  • Le résultat moyen est 15 sur 18
Statistiques - réponses
Lettre Type 1 Type 2 Stage Réponse % Correct
L Insecte Électrik 3/3 Lucanon
95%
R Insecte Fée 2/2 Rubombelle
95%
D Normal Dragon 1/1 Draieul
91%
O Eau X 1/3 Otaquin
91%
Q Combat X 1/1 Quartermac
91%
C Combat Glace 2/2 Crabominable
86%
F Feu Ténèbres 3/3 Félinferno
86%
K Plante Acier 1/1 Katagami
86%
P Normal Vol 2/3 Piclairon
86%
V Poison Eau 1/2 Vorastérie
86%
Z Roche Poison 1/1 Zéroid
86%
B Spectre Sol 1/2 Bacabouh
82%
E Ténèbres Dragon 1/1 Engloutyran
82%
M Plante X 1/2 Mimantis
82%
S Psy Acier 3/3 Solgaleo
82%
A Roche Acier 1/1 Ama-Ama
77%
G Fée X 1/1 Guérilande
73%
N Psy X 1/1 Necrozma
68%
Aucun quiz correspondant
Distribution des résultats
% des personnes avec chaque résultat
Percentile par nombre de réponses
Votre historique - résultats
Vous n’avez pas pris ce quiz